| 000 | 00674nam a2200241 a 4500 | ||
|---|---|---|---|
| 005 | 20210219153027.0 | ||
| 008 | 991125n 000 0 spa u | ||
| 035 | _aUPN01000073426 | ||
| 100 | _aPALDAO, Carlos E. | ||
| 222 | _aDOCENCIA | ||
| 245 | _aEducación a distancia : notas para su estudio | ||
| 300 | _a64-79 | ||
| 362 | _a1977 Vol. 5, no. 4, ago. | ||
| 653 | 0 | _aAUXILIARES AUDIOVISUALES | |
| 653 | 0 | _aEDUCACION PRIMARIA | |
| 653 | 0 | _aEDUCACION SECUNDARIA | |
| 653 | 0 | _aEDUCACION SUPERIOR | |
| 653 | 0 | _aFORMACION PROFESIONAL | |
| 653 | 0 | _aSISTEMA DE ENSEÑANZA ABIERTA | |
| 653 | 0 | _aTECNOLOGIA EDUCATIVA | |
| 904 |
_aAC _b011237 |
||
| 905 | _aArticulo | ||
| 999 |
_c66405 _d66405 |
||